[Event "8th World Teams"]
[Site "Ningbo CHN"]
[Date "2011.07.17"]
[Round "1"]
[White "Akopian, Vl"]
[Black "Postny, E."]
[Result "1-0"]
[WhiteElo "2667"]
[BlackElo "2618"]
[PlyCount "113"]
[EventDate "2011.07.17"]

1. e4 e5 2. Nf3 Nc6 3. Bb5 a6 4. Ba4 Nf6 5. O-O Be7 6. Re1 b5 7. Bb3 d6 8. c3
O-O 9. h3 Na5 10. Bc2 c5 11. d4 Nd7 12. dxc5 dxc5 13. Nbd2 Bb7 14. Qe2 Qc7 15.
Nf1 Nc4 16. b3 Nd6 17. c4 Rfe8 18. Bb2 f6 19. Ne3 Nf8 20. Nd5 Qc6 21. Qd3 Rad8
22. a4 b4 23. Nh4 Ne6 24. Qg3 Kh8 25. Bd1 Nf4 26. Nxf4 exf4 27. Qxf4 Nxe4 28.
Bh5 Bd6 29. Bxe8 Rxe8 30. Qe3 Qc7 31. Nf3 Re7 32. Qd3 Kg8 33. Rad1 f5 34. Kf1
Bc6 35. Nd2 Re6 36. Nxe4 fxe4 37. Qd2 h6 38. Re3 Kh7 39. g3 Be7 40. h4 Qc8 41.
Qc2 Rg6 42. Rd5 Qh3+ 43. Ke2 Qg4+ 44. Ke1 Bxd5 45. cxd5 Kg8 46. Qxe4 Qxe4 47.
Rxe4 Kf7 48. Be5 Bf6 49. Bc7 Be7 50. Ke2 Bd6 51. h5 Rf6 52. Bxd6 Rxd6 53. Re5
c4 54. bxc4 b3 55. Kd3 Rb6 56. Re1 b2 57. Rb1 1-0

[Event "8th World Teams"]
[Site "Ningbo CHN"]
[Date "2011.07.17"]
[Round "1"]
[White "Nabaty, T."]
[Black "Sargissian, G."]
[Result "0-1"]
[WhiteElo "2584"]
[BlackElo "2663"]
[PlyCount "134"]
[EventDate "2011.07.17"]

1. e4 e5 2. Nf3 Nc6 3. Bb5 Nf6 4. O-O Nxe4 5. d4 Nd6 6. Bg5 Be7 7. Bxe7 Qxe7 8.
Bxc6 dxc6 9. dxe5 Nf5 10. Nc3 O-O 11. Qd3 Be6 12. Rad1 Rad8 13. Qe4 h6 14. Ne2
Rxd1 15. Rxd1 Rd8 16. Rxd8+ Qxd8 17. Nc3 Qd7 18. h3 b6 19. Kh2 a5 20. b3 Bd5
21. Qd3 Qe6 22. Ne4 Ne7 23. c4 Qf5 24. cxd5 cxd5 25. Qb5 dxe4 26. Qe8+ Kh7 27.
Qxe7 Qf4+ 28. Kg1 exf3 29. Qxc7 Qg5 30. g4 Qd2 31. Qxb6 Qe1+ 32. Kh2 Qxe5+ 33.
Kg1 Qe1+ 34. Kh2 Qf1 35. Kg3 g5 36. Kxf3 Qxh3+ 37. Ke2 Qxg4+ 38. Kf1 Qd1+ 39.
Kg2 Qd5+ 40. Kg1 Qe5 41. a4 h5 42. Qb5 f6 43. Kf1 Qc3 44. Qe8 h4 45. Qf7+ Kh6
46. Qf8+ Kg6 47. Qg8+ Kf5 48. Qd5+ Kf4 49. Kg2 g4 50. Qd6+ Qe5 51. Qd2+ Kf5 52.
Qd7+ Kg5 53. Qg7+ Kf4 54. Qh6+ Qg5 55. Qh7 Qd5+ 56. Kg1 Qd1+ 57. Kg2 h3+ 58.
Kh2 Qd6 59. Kg1 Qd1+ 60. Kh2 Qd6 61. Kg1 Qe5 62. Qh6+ Ke4 63. Qd2 Qd5 64. Qc2+
Ke5 65. Qc7+ Kd4 66. Kf1 Qh1+ 67. Ke2 Qf3+ 0-1

[Event "8th World Teams"]
[Site "Ningbo CHN"]
[Date "2011.07.17"]
[Round "1"]
[White "Areshchenko, A."]
[Black "Shoker, S."]
[Result "0-1"]
[WhiteElo "2682"]
[BlackElo "2475"]
[PlyCount "56"]
[EventDate "2011.07.17"]

1. e4 d6 2. d4 Nf6 3. Nc3 g6 4. Be3 c6 5. h3 Nbd7 6. Nf3 Qc7 7. Bd3 e5 8. Qd2
exd4 9. Nxd4 Bg7 10. Bh6 Bxh6 11. Qxh6 b5 12. O-O-O b4 13. Nb1 Bb7 14. Nd2 Qb6
15. N4b3 Ba6 16. Bxa6 Qxa6 17. Kb1 c5 18. Nf3 c4 19. Nc1 Ne5 20. Rd4 c3 21.
Rhd1 cxb2 22. Nb3 Nc4 23. e5 Rc8 24. exf6 Na3+ 25. Kxb2 Rxc2+ 26. Ka1 Nc4 27.
Re4+ Kd8 28. Nc1 Qa3 0-1

[Event "8th World Teams"]
[Site "Ningbo CHN"]
[Date "2011.07.17"]
[Round "1"]
[White "Li Chao2"]
[Black "Mamedov, Rau"]
[Result "1/2-1/2"]
[WhiteElo "2669"]
[BlackElo "2679"]
[PlyCount "120"]
[EventDate "2011.07.17"]

1. d4 Nf6 2. c4 g6 3. Nc3 Bg7 4. e4 O-O 5. h3 c6 6. Nf3 d5 7. e5 Ne4 8. Bd3
Nxc3 9. bxc3 dxc4 10. Bxc4 c5 11. O-O Nc6 12. Ba3 cxd4 13. cxd4 Na5 14. Bd3 Be6
15. Be4 Nc4 16. Bb4 a5 17. Bc5 Rc8 18. Bxb7 Rc7 19. Be4 Bd5 20. Qe2 Nxe5 21.
Nxe5 Bxe5 22. Rad1 Qa8 23. Bxd5 Qxd5 24. Bb6 Bh2+ 25. Kh1 Rb7 26. Bxa5 Bd6 27.
Bd2 Ra8 28. Bh6 Rxa2 29. Qg4 f5 30. Qh4 Re2 31. Be3 Rb3 32. Qg5 Qe4 33. Rc1 Rb8
34. Rcd1 f4 35. Qg4 Rc2 36. Bc1 h5 37. Qg5 Rb1 38. Kg1 Qf5 39. Qxf5 gxf5 40.
Bd2 Rbb2 41. Bc1 Rb3 42. Bd2 f3 43. g3 Kf7 44. Bf4 Bb4 45. Rb1 Rbb2 46. Rxb2
Rxb2 47. Rd1 Rb3 48. Kh2 Ke6 49. d5+ Kd7 50. g4 fxg4 51. hxg4 hxg4 52. Kg3 Bc5
53. Kxg4 Bxf2 54. Rf1 Bc5 55. Rxf3 Rb4 56. Kf5 Rd4 57. Ke5 Rd1 58. Ke4 Rd4+ 59.
Ke5 Rd1 60. Ke4 Rd4+ 1/2-1/2

[Event "8th World Teams"]
[Site "Ningbo CHN"]
[Date "2011.07.17"]
[Round "1"]
[White "Balogh, C."]
[Black "Gopal, G."]
[Result "1/2-1/2"]
[WhiteElo "2643"]
[BlackElo "2576"]
[PlyCount "138"]
[EventDate "2011.07.17"]

1. e4 e5 2. Nf3 Nc6 3. Bb5 Bc5 4. c3 Nf6 5. d3 O-O 6. O-O d6 7. Nbd2 Bb6 8. h3
Ne7 9. d4 Ng6 10. Re1 c6 11. Bd3 Re8 12. Nf1 h6 13. Ng3 Nh7 14. Nf5 Bxf5 15.
exf5 Nh4 16. Nh2 Nf6 17. Ng4 e4 18. Nxf6+ Qxf6 19. Rxe4 Rxe4 20. Bxe4 Re8 21.
Bd3 c5 22. dxc5 Bxc5 23. Bd2 Qe5 24. Qg4 Qd5 25. Bxh6 Qxg2+ 26. Qxg2 Nxg2 27.
Bd2 Nh4 28. Kf1 g6 29. fxg6 fxg6 30. Re1 Rf8 31. Be3 Nf3 32. Re2 Bxe3 33. Rxe3
Ne5 34. Be4 b6 35. Ke2 Rf4 36. Bd5+ Kg7 37. Re4 Rf5 38. f4 Nd3 39. Kxd3 Rxd5+
40. Rd4 Rh5 41. Rxd6 Rxh3+ 42. Kc2 Rf3 43. Rd7+ Kh6 44. Rxa7 Rxf4 45. Ra6 b5
46. b4 Kg7 47. a4 bxa4 48. Rxa4 g5 49. Kb3 g4 50. Ra1 g3 51. b5 Kf7 52. c4 Ke6
53. Ra6+ Kf7 54. Ra7+ Kf6 55. Ra6+ Kf7 56. Ra1 Ke6 57. Kb4 g2 58. Rg1 Rg4 59.
Kc5 Kd7 60. Kb6 Kc8 61. c5 Kb8 62. c6 Rg7 63. Kc5 Rg5+ 64. Kd6 Rg6+ 65. Kd7
Rg7+ 66. Kd6 Rg6+ 67. Kc5 Rg5+ 68. Kb6 Rg7 69. Kc5 Rg5+ 1/2-1/2

[Event "8th World Teams"]
[Site "Ningbo CHN"]
[Date "2011.07.18"]
[Round "2"]
[White "Negi, P."]
[Black "Guseinov, G."]
[Result "1/2-1/2"]
[WhiteElo "2642"]
[BlackElo "2625"]
[PlyCount "123"]
[EventDate "2011.07.17"]

1. e4 c5 2. Nf3 Nc6 3. Nc3 g6 4. d4 cxd4 5. Nxd4 Bg7 6. Be3 Nf6 7. Bc4 Qa5 8.
O-O O-O 9. Nb3 Qc7 10. Be2 d6 11. f4 a5 12. a4 Nb4 13. Nd4 Bd7 14. Ndb5 Bxb5
15. Bxb5 Rad8 16. Bd3 Qc6 17. Bb5 Qc7 18. Be2 Qc6 19. Bf3 d5 20. e5 Ne4 21. Bd4
f6 22. Qe2 fxe5 23. fxe5 Ng5 24. Rac1 Nxf3+ 25. Rxf3 Rxf3 26. gxf3 Qe6 27. Nb5
Qf5 28. Kh1 Rf8 29. Rd1 Nc6 30. e6 Qxf3+ 31. Qxf3 Rxf3 32. Bxg7 Kxg7 33. Rxd5
Rf2 34. Nd4 Nxd4 35. Rxd4 Kf6 36. Rd7 Rxc2 37. Rxb7 Kxe6 38. Rb5 Kd6 39. Rxa5
Rxb2 40. Ra8 Ke6 41. a5 Ra2 42. a6 Kf5 43. Rf8+ Ke4 44. Rf7 e5 45. a7 h6 46.
Kg1 g5 47. Kf1 g4 48. Rb7 Kf4 49. Rf7+ Ke3 50. Rh7 e4 51. Rxh6 Rxa7 52. Kg2 Kd3
53. Kg3 Rg7 54. Ra6 e3 55. Ra3+ Kd2 56. Ra2+ Kd3 57. Ra3+ Ke4 58. Ra4+ Kf5 59.
Ra5+ Kf6 60. Ra6+ Kf5 61. Ra5+ Ke4 62. Ra4+ 1/2-1/2

[Event "8th World Teams"]
[Site "Ningbo CHN"]
[Date "2011.07.18"]
[Round "2"]
[White "Amin, B."]
[Black "Smirin, I."]
[Result "1/2-1/2"]
[WhiteElo "2609"]
[BlackElo "2676"]
[PlyCount "94"]
[EventDate "2011.07.17"]

1. e4 c5 2. Nf3 Nc6 3. d3 g6 4. g3 Bg7 5. Bg2 d6 6. c3 Nf6 7. O-O O-O 8. Re1 e5
9. a3 h6 10. b4 Be6 11. Bb2 Nd7 12. Nbd2 b5 13. Rb1 Nb6 14. Ba1 a6 15. h4 Rc8
16. h5 Bg4 17. hxg6 fxg6 18. Qb3+ Kh7 19. Nh2 Bd7 20. Ndf1 Qf6 21. Qa2 Be6 22.
Qe2 c4 23. Qe3 Rb8 24. d4 d5 25. Rbd1 Qf7 26. f3 Na4 27. exd5 Bxd5 28. dxe5
Nxe5 29. Rxd5 Qxd5 30. f4 Qd3 31. fxe5 Qxe3+ 32. Rxe3 Rfe8 33. Nf3 Rbd8 34. Re1
Rd3 35. N1h2 Red8 36. Bf1 Rd1 37. Kf2 Rxe1 38. Kxe1 Re8 39. Kf2 Bxe5 40. Nxe5
Rxe5 41. Nf3 Rd5 42. Nd4 h5 43. Be2 Kh6 44. Bd1 Kg5 45. Nf3+ Kf6 46. Nd4 Kg5
47. Nf3+ Kf6 1/2-1/2

[Event "8th World Teams"]
[Site "Ningbo CHN"]
[Date "2011.07.18"]
[Round "2"]
[White "Postny, E."]
[Black "Shoker, S."]
[Result "1/2-1/2"]
[WhiteElo "2618"]
[BlackElo "2475"]
[PlyCount "115"]
[EventDate "2011.07.17"]

1. d4 d6 2. Nf3 g6 3. c4 Nf6 4. Nc3 Bf5 5. Qb3 Qc8 6. h3 Bg7 7. g4 Bd7 8. e4
Nc6 9. Be3 O-O 10. O-O-O e5 11. d5 Na5 12. Qc2 b6 13. Be2 h5 14. Nh2 hxg4 15.
hxg4 Bxg4 16. Nxg4 Nxg4 17. Bxg4 Qxg4 18. Rdg1 Qf3 19. Nb1 c6 20. Nd2 Qe2 21.
b4 cxd5 22. bxa5 d4 23. Bg5 b5 24. Qd1 Qxd1+ 25. Kxd1 bxc4 26. Nxc4 Rfc8 27.
Nd2 Rab8 28. Nb3 Rb4 29. f3 Ra4 30. Rg2 Rc3 31. Rf1 f6 32. Bc1 g5 33. Rb2 g4
34. fxg4 Rg3 35. g5 fxg5 36. Nd2 g4 37. Rb8+ Kh7 38. Rb7 Kg6 39. Rxa7 Bh6 40.
Nb3 Rxa2 41. Ra6 Rd3+ 42. Ke1 Bf4 43. Rxd6+ Kh5 44. Bxf4 exf4 45. Nc1 Ra1 46.
Ke2 Re3+ 47. Kd2 f3 48. Rxd4 Rea3 49. Rd3 Rxd3+ 50. Kxd3 Kh4 51. Rh1+ Kg5 52.
Ke3 Rxa5 53. Rh8 Ra3+ 54. Nd3 f2 55. Rg8+ Kh4 56. Rh8+ Kg5 57. Rg8+ Kh4 58.
Rh8+ 1/2-1/2

[Event "8th World Teams"]
[Site "Ningbo CHN"]
[Date "2011.07.18"]
[Round "2"]
[White "Ezat, M."]
[Black "Nabaty, T."]
[Result "0-1"]
[WhiteElo "2430"]
[BlackElo "2584"]
[PlyCount "82"]
[EventDate "2011.07.17"]

1. d4 Nf6 2. c4 e6 3. Nc3 Bb4 4. e3 c5 5. a3 Bxc3+ 6. bxc3 Nc6 7. Bd3 e5 8. Ne2
e4 9. Bc2 b6 10. Ng3 Ba6 11. Nxe4 Nxe4 12. Bxe4 Bxc4 13. Bd3 Bxd3 14. Qxd3 O-O
15. O-O Rc8 16. e4 cxd4 17. cxd4 d5 18. e5 Qd7 19. f4 f5 20. Bd2 Nd8 21. Bb4
Rf7 22. Rac1 Ne6 23. g3 g6 24. Qa6 Rc6 25. Bd6 Kg7 26. Qd3 Qc8 27. Rxc6 Qxc6
28. Rf2 Qa4 29. Rd2 b5 30. h4 a5 31. Qc3 Qc4 32. Qb2 Rb7 33. Kf2 b4 34. axb4
axb4 35. h5 b3 36. Kg2 Ra7 37. Qb1 Qc3 38. Rd3 Ra2+ 39. Kh3 g5 40. fxg5 Nxg5+
41. Kh4 Nf3+ 0-1

[Event "8th World Teams"]
[Site "Ningbo CHN"]
[Date "2011.07.18"]
[Round "2"]
[White "Sargissian, G."]
[Black "Seirawan, Y."]
[Result "1/2-1/2"]
[WhiteElo "2663"]
[BlackElo "2635"]
[PlyCount "90"]
[EventDate "2011.07.17"]

1. d4 Nf6 2. c4 e6 3. Nc3 d5 4. Nf3 Nbd7 5. Bg5 Be7 6. e3 O-O 7. Rc1 a6 8. c5
c6 9. Bd3 b6 10. cxb6 c5 11. b3 cxd4 12. exd4 Qxb6 13. Na4 Bb4+ 14. Bd2 Qd6 15.
Bxb4 Qxb4+ 16. Qd2 a5 17. Qxb4 axb4 18. O-O Ba6 19. Bxa6 Rxa6 20. Rc7 Rb8 21.
Rfc1 Kf8 22. Ne5 Nxe5 23. dxe5 Ne8 24. R7c5 Ke7 25. f4 Kd8 26. Kf2 Ra7 27. f5
exf5 28. Rxd5+ Ke7 29. Rc4 Nc7 30. Rdd4 Na6 31. Rd6 Nc7 32. Kf3 Ne6 33. Rd5 Rd7
34. Rxd7+ Kxd7 35. Nc5+ Nxc5 36. Rxc5 Ra8 37. Rc2 g5 38. g4 Ke6 39. gxf5+ Kxf5
40. Rc7 Kg6 41. Rc6+ Kg7 42. Rc2 Re8 43. Rc4 Ra8 44. Rxb4 Rxa2 45. h4 gxh4
1/2-1/2